Lučenec

Bibliographic Details
Format: Photo
Language:Slovak
Hungarian
PhysicalDescription:1 pohľadnica čiernobiela 14x9 cm
Published: [Slovensko?] [vydavateľ neznámy] [medzi 1905 a 1973?]
Subjects:

MARC

LEADER 00000nkmaa2200000 a 4500
001 vtls010633110
003 SK-MaSNL
005 20260425230615.0
007 kf bo
008 231204q1905 xo ||00 k|slo
035 |a F67ED73C-67AA-4435-8EDE-60DC1B4986AC 
035 |a urn:nbn:sk:snk-kmxwdc 
035 |a urn:nbn:sk:snk-km001wyy 
040 |a SNKLA  |b slo  |c SNKLA  |e AACR2 
041 0 |a slo  |a hun 
044 |a xo  |c SK 
245 0 0 |a Lučenec  |h [grafika] 
246 1 1 |a Losonc 
260 |a [Slovensko?]  |b [vydavateľ neznámy]  |c [medzi 1905 a 1973?] 
300 |a 1 pohľadnica  |b čiernobiela  |c 14x9 cm 
651 7 |a Lučenec (Slovensko)  |2 SNKPH  |9 29545 
651 7 |a Slovensko  |2 SNKPH  |9 14231 
655 7 |a geografické pohľadnice  |2 SNKPH  |9 70522 
958 |a BLA 
999 |c 680697  |d 682627 
952 |a SNKLA  |b SNKLA  |c SNKLA_DEP  |y NEVYP  |7 0  |p 17A1006453  |o snkPL 69/24  |i snkLA 400/2010  |0 0  |1 0  |4 0  |d 2014-11-05  |f 1  |l 0  |r 2026-02-23 19:55:49  |w 2026-02-23